000 00260cam a22000977a 4500
008 180718bn.d. xxu||||| |||| 00| 0 eng d
082 _aB18x5441 G949
245 _aDrug abuse
260 _aAhmedabad
_bThe Director of Prohibition and Excise
_cn.d.
300 _a300p.
999 _c488825
_d488825